ბათუმის შოთა რუსთაველის სახელმწიფო უნივერსიტეტის ბიბლიოთეკა

ილია ჭავჭავაძე, 1837-1907 : ცხოვრება, მოღვაწეობა, შემოქმედება, ფოტომატიანე (ბიბ.ჩანაწერი № 48992)

000 -LEADER
fixed length control field 01925nam a2200241Ia 4500
001 - CONTROL NUMBER
control field 15897
003 - CONTROL NUMBER IDENTIFIER
control field GE_BSU
008 - FIXED-LENGTH DATA ELEMENTS--GENERAL INFORMATION
fixed length control field 181216s||||||||xx |||||||||||||| ||und||
040 ## - CATALOGING SOURCE
Transcribing agency GE_BSU
080 ## - UNIVERSAL DECIMAL CLASSIFICATION NUMBER
Universal Decimal Classification number 821.353.1(092ჭავჭავაძე, ი.)+821.353.1.09
100 ## - MAIN ENTRY--PERSONAL NAME
Personal name შარაძე, გურამ
245 ## - TITLE STATEMENT
Title ილია ჭავჭავაძე, 1837-1907 : ცხოვრება, მოღვაწეობა, შემოქმედება, ფოტომატიანე
245 ## - TITLE STATEMENT
Remainder of title 2 წიგნად. წ.1 [1837-1885]
245 ## - TITLE STATEMENT
Statement of responsibility, etc. რედ. ჯ. გორდაძე. მხ. ო.გორალევჩი
260 ## - PUBLICATION, DISTRIBUTION, ETC.
Place of publication, distribution, etc. თბილისი
260 ## - PUBLICATION, DISTRIBUTION, ETC.
Name of publisher, distributor, etc. ხელოვნება
260 ## - PUBLICATION, DISTRIBUTION, ETC.
Date of publication, distribution, etc. 1987
300 ## - PHYSICAL DESCRIPTION
Extent 376 გვ.31 სმ
653 ## - INDEX TERM--UNCONTROLLED
Uncontrolled term VI. სულის მზიანობა; VII. საქართველოს მოამბე. 1863; VIII. ქუთაისსა და დუშეთში. 1864-1873; IX. ქართული ბანკის დაარსება. "მეფე ლირის" თარგმნა. 1873-1876; X. "ივერია". პირველი პერიოდი.
653 ## - INDEX TERM--UNCONTROLLED
Uncontrolled term ვისი ცხოვრებაც სიმბოლოა; I. ყვარელი. ბავშვობა. 1837-1847; II. თბილისი. პანსიონსა და გიმნაზიაში. 1848-1856; III. პეტერბურგში გამგზავრება. 1857. ზაფხული; IV. პეტერბურგის უნივერსიტეტში. 1857-1861; V. საქართველოში დაბრუნება. 1861;
653 ## - INDEX TERM--UNCONTROLLED
Uncontrolled term ილია ჭავჭავაძე, 1837-1907 : ცხოვრება, მოღვაწეობა, შემოქმედება, ფოტომატიანე
942 ## - ADDED ENTRY ELEMENTS (KOHA)
Koha item type წიგნი
ეგზემპლარები
Withdrawn status Lost status Damaged status Not for loan Date acquired Barcode Date last seen Price effective from Koha item type
        2018-12-17 39001 2018-12-17 2018-12-17 წიგნი
        2018-12-17 39002 2018-12-17 2018-12-17 წიგნი